Statystyki dla Mapa morza

Kliknij tutaj aby rozwiązać quiz!

Ogólne statystyki

  • Ten quiz został rozwiązany 25 razy
  • Średni wynik to 3 z 30

Odpowiedzi na mapie

Odpowiedzi skodowane kolorowo w zielono-czerwonej skali na mapie do tego quizu, zgodnie z poniższymi procentami.
 

Statystyki odpowiedzi

Odpowiedź% Poprawnych
Koralowe
30%
Labradorskie
30%
Łaptiewów
30%
Grenlandzkie
20%
Adriatyckie
10%
Arabskie
10%
Baffina
10%
Bałtyckie
10%
Beauforta
10%
Beringa
10%
Czerwone
10%
Norweskie
10%
Ochockie
10%
Północne
10%
Południowochińskie
10%
Rossa
10%
Sargassowe
10%
Śródziemne
10%
Tyrreńskie
10%
Barentsa
0%
Białe
0%
Czarne
0%
Egejskie
0%
Jońskie
0%
Karaibskie
0%
Karskie
0%
Tasmana
0%
Timor
0%
Weddella
0%
Żółte
0%

Rozkład punktacji

Percentyl według liczby udzielonych odpowiedzi

Procent ludzi z każdym wynikiem

Twoja historia wyników

Nie rozwiązałeś tego quizu